000 00775nas a2200253 4500
001 BR9503965
003 BR-BrBNA
005 20231205094100.0
007 ta
008 230509b bl.|||p| |||| 00| 00por d
040 _aBR-BrBNA
_bpor
_cBiblioteca Nacional de Agricultura
041 _a(Pt)
072 _aN01
100 1 _aZeca Filho, A.
100 1 _aTarga, L.A.
245 1 _aDesempenho estrutural do poste de pinus quando implantado numa rede monofilar com retorno por terra (MRT)
650 _aPinheiro
650 _aPoste
650 _aEnergia Eletrica
650 _aInstalacao Eletrica
773 0 _tEnergia na Agricultura (Brazil)
_xISSN 0102-9169
_g(1994), v. 9(2) p. 24-40
_wBR9503965
909 _a202311
_bLúcia
_c55
_dLúcia Elande
942 _2AGRIS
_n0
_cANA
999 _c141976
_d141976